|
|
|
|
| LEADER |
00000nam0a2200000 4500 |
| 001 |
92011 |
| 005 |
20231031104421.0 |
| 035 |
|
|
|a (RuTPU)RU\TPU\book\98604
|
| 090 |
|
|
|a 92011
|
| 100 |
|
|
|a 20060304d1947 m y0rusy50 ca
|
| 101 |
0 |
|
|a rus
|
| 102 |
|
|
|a RU
|
| 105 |
|
|
|a a j 001zy
|
| 200 |
1 |
|
|a Производство минеральных удобрений
|e учебное пособие для средних и средних специальных учебных заведений
|f А. М. Дубовицкий
|
| 210 |
|
|
|a Москва
|c Госхимиздат
|d 1947
|a Ленинград
|
| 215 |
|
|
|a 248 с.
|c ил.
|
| 300 |
|
|
|a Загл. указано на пер.
|
| 320 |
|
|
|a Предм. указ.: с. 243-248
|
| 610 |
1 |
|
|a удобрения
|
| 610 |
1 |
|
|a фосфатное сырье
|
| 610 |
1 |
|
|a серная кислота
|
| 610 |
1 |
|
|a фосфорная кислота
|
| 610 |
1 |
|
|a фосфорные удобрения
|
| 610 |
1 |
|
|a суперфосфат
|
| 610 |
1 |
|
|a преципитат
|
| 610 |
1 |
|
|a аммиачная селитра
|
| 610 |
1 |
|
|a сульфат аммония
|
| 610 |
1 |
|
|a цианамид кальция
|
| 610 |
1 |
|
|a мочевина
|
| 610 |
1 |
|
|a калийные удобрения
|
| 610 |
1 |
|
|a учебные пособия
|
| 675 |
|
|
|a 661(075.32)
|v 3
|
| 700 |
|
1 |
|a Дубовицкий
|b А. М.
|
| 801 |
|
1 |
|a RU
|b 63413507
|c 20060304
|g PSBO
|
| 801 |
|
2 |
|a RU
|b 63413507
|c 20160506
|g PSBO
|
| 942 |
|
|
|c BK
|